| 000 | 00791nam0a2200241 4500 | ||
|---|---|---|---|
| 001 | RU\NLR\BIBL_A\011180520 | ||
| 005 | 20250625213554.0 | ||
| 035 | _a(NLR Aleph) 011180520 | ||
| 090 |
_a11816760 _c11816760 |
||
| 100 | _a20160722d1960 |||y0rusy50 ca | ||
| 101 | 0 | _ainh | |
| 102 | _aRU | ||
| 105 | _ac z 000 y | ||
| 200 | 1 |
_aИраза никъ _eстихаш _fС. Озиев |
|
| 210 |
_aГрозный _cНохч-ГIалгIай кн. изд-во _d1960 |
||
| 215 |
_a127, [1] с., [1] л. портр. _d18 |
||
| 541 | 1 |
_aПуть счастья _e[стихи] _zrus |
|
| 686 | 1 | _aШ6(2=И)7-5 | |
| 700 | 1 |
_aОзиев _bС.И. _f1904-2002 _gСалман Исмаилович _4070 |
|
| 852 |
_aNLR _bОНЛ _jИнгуш./2-276 |
||
| 942 | _cBOOK | ||
| 980 | _aNB | ||